| 000 | 00755nam a2200217 a 4500 | ||
|---|---|---|---|
| 001 | 000016734 | ||
| 005 | 20250502073819.0 | ||
| 008 | 100310s1981 dr 000 0 spa d | ||
| 040 |
_aDO-SdBNP _bspa _cBNPHU |
||
| 082 |
_axxx _bE77r |
||
| 100 | 1 |
_aEsquea Guerrero, Emmanuel _919539 |
|
| 245 | 1 | 3 |
_aEl régimen de la seguridad social y sus posiblesmodificaciones / _cEmmanuel Esquea Guerrero ; presentación Raymundo Amaro Guzmán. |
| 260 |
_aSanto Domingo : _bONAP, _c1981. |
||
| 300 |
_a15 p. ; _c22 cm. |
||
| 490 | 1 |
_aSeminarios _v8 |
|
| 490 | 1 | _aONAP | |
| 700 | 1 |
_aAmaro Guzmán, Raymundo _9656 |
|
| 710 | 1 |
_aRepública Dominicana. _bOficina Nacional de Administración y Personal _926398 |
|
| 830 | 0 |
_aSeminarios ; _n8 _937108 |
|
| 830 |
_aONAP _910860 |
||
| 999 |
_c16266 _d16266 |
||